Sử dụng biến đổi Wavelet để xác định mặt móng Bouguer từ số liệu dị thường trọng lực ở ven biển Sóc Trăng, Bạc Liêu : Luận văn Thạc sĩ Vật lý chuyên ngành: Vật lý kỹ thuật

Đề tài trình bày đại cương về phép biến đổi Wavelet, dị thường trọng lực và phân tích thực nghiệm dị thường trọng lực.

Đã lưu trong:
Bibliografiske detaljer
Hovedforfatter: Nguyễn, Thị Bé Hoa
Institution som forfatter: .
Format: Bog
Sprog:Undetermined
Udgivet: Cần Thơ Trường Đại học Cần Thơ 2014
Fag:
Tags: Tilføj Tag
Ingen Tags, Vær først til at tagge denne postø!
Thư viện lưu trữ: Trung tâm Học liệu Trường Đại học Cần Thơ
LEADER 01131nam a2200229Ia 4500
001 CTU_193021
008 210402s9999 xx 000 0 und d
082 |a 530.8 
082 |b H401 
088 |a 60520401 
100 |a Nguyễn, Thị Bé Hoa 
110 |a . 
245 0 |a Sử dụng biến đổi Wavelet để xác định mặt móng Bouguer từ số liệu dị thường trọng lực ở ven biển Sóc Trăng, Bạc Liêu : 
245 0 |b Luận văn Thạc sĩ Vật lý chuyên ngành: Vật lý kỹ thuật 
245 0 |c Nguyễn Thị Bé Hoa ; Dương Hiếu Đẩu (Cán bộ hướng dẫn) 
260 |a Cần Thơ 
260 |b Trường Đại học Cần Thơ 
260 |c 2014 
520 |a Đề tài trình bày đại cương về phép biến đổi Wavelet, dị thường trọng lực và phân tích thực nghiệm dị thường trọng lực. 
650 |a Physical measurements,Phép đo vật lý 
904 |i Hải 
980 |a Trung tâm Học liệu Trường Đại học Cần Thơ